[Event "Copenhagen Bronshoj op"]
[Site "Copenhagen"]
[Date "2012.02.12"]
[Round "4"]
[White "Nielsen, Steen G"]
[Black "Nguyen, Giang Thu"]
[Result "1/2-1/2"]
[WhiteElo "1830"]
[BlackElo "2118"]
[PlyCount "43"]
[EventDate "2012.02.10"]
[EventType "swiss"]
[EventRounds "7"]
[EventCountry "DEN"]
[SourceTitle "EXT 2015"]
[Source "ChessBase"]
[SourceDate "2014.11.20"]
[SourceVersion "1"]
[SourceVersionDate "2014.11.20"]
[SourceQuality "1"]

1. e4 Nf6 2. e5 Nd5 3. d4 d6 4. c4 Nb6 5. exd6 exd6 6. Nc3 Be7 7. Be3 Nc6 8. b3 0-0 9. Rc1 f5 10. g3 Re8 11. Nge2 Bg5 12. Bxg5 Qxg5 13. Bg2 Nxd4 14. 0-0 Nxe2+ 15. Nxe2 Nd7 16. Nf4 Ne5 17. Re1 Qd8 18. Qd5+ Nf7 19. Ne6 Bxe6 20. Rxe6 Rxe6 21. Qxe6 Qc8 22. Qxc8+ 1/2-1/2

[Event "Taastrup Quick Weekend-C 14th"]
[Site "Taastrup"]
[Date "2011.10.02"]
[Round "4"]
[White "Nielsen, Steen G"]
[Black "Seirup, Simon"]
[Result "0-1"]
[WhiteElo "1849"]
[BlackElo "1693"]
[PlyCount "72"]
[EventDate "2011.09.30"]
[EventType "tourn"]
[EventRounds "5"]
[EventCountry "DEN"]
[SourceTitle "EXT 2023"]
[Source "ChessBase"]
[SourceDate "2022.10.05"]
[SourceVersion "1"]
[SourceVersionDate "2022.10.05"]
[SourceQuality "1"]

1. e4 c6 2. d4 d5 3. e5 Bf5 4. Nf3 e6 5. Be2 c5 6. 0-0 Nc6 7. c3 Qb6 8. Na3 cxd4 9. Nxd4 Nxd4 10. cxd4 Bxa3 11. bxa3 Ne7 12. Bd3 0-0 13. Be3 Qa5 14. Qb3 Bxd3 15. Qxd3 Rfc8 16. Bd2 Qd8 17. Rfc1 Rxc1+ 18. Rxc1 Rc8 19. h3 Qd7 20. Rxc8+ Nxc8 21. Bb4 a6 22. Qc2 Qc6 23. Qxc6 bxc6 24. Bc5 f6 25. f4 fxe5 26. fxe5 Kf7 27. Kf2 Ne7 28. Bxe7 Kxe7 29. Ke3 Kd7 30. Kd3 Kc7 31. a4 Kb6 32. Kc3 c5 33. a5+ Kb5 34. a4+ Kxa4 35. dxc5 Kxa5 36. Kd4 Kb5 0-1

[Event "Politiken Cup 33rd"]
[Site "Helsingor"]
[Date "2011.07.31"]
[Round "3"]
[White "Nielsen, Steen G"]
[Black "Hvenekilde, Jorgen"]
[Result "1/2-1/2"]
[WhiteElo "1870"]
[BlackElo "2089"]
[PlyCount "33"]
[EventDate "2011.07.30"]
[EventType "swiss"]
[EventRounds "10"]
[EventCountry "DEN"]
[SourceTitle "CBM 143 Extra"]
[Source "ChessBase"]
[SourceDate "2011.08.29"]
[SourceVersion "1"]
[SourceVersionDate "2011.08.29"]
[SourceQuality "1"]

1. e4 e5 2. Nf3 d6 3. d4 exd4 4. Nxd4 Nf6 5. Nc3 Be7 6. Be2 0-0 7. Be3 a6 8. h3 Re8 9. Qd2 b5 10. a3 c5 11. Nf5 Bxf5 12. exf5 Ra7 13. 0-0-0 Rd7 14. Bf3 b4 15. axb4 cxb4 16. Nd5 Nxd5 17. Bxd5 1/2-1/2

[Event "Taastrup Quick Weekend 13th B2"]
[Site "Taastrup"]
[Date "2011.04.02"]
[Round "3"]
[White "Radovic, Slobodan"]
[Black "Nielsen, Steen G"]
[Result "1/2-1/2"]
[WhiteElo "1535"]
[BlackElo "1632"]
[PlyCount "50"]
[EventDate "2011.04.01"]
[EventType "tourn"]
[EventRounds "5"]
[EventCountry "DEN"]
[SourceTitle "EXT 2023"]
[Source "ChessBase"]
[SourceDate "2022.10.05"]
[SourceVersion "1"]
[SourceVersionDate "2022.10.05"]
[SourceQuality "1"]

1. Nf3 c5 2. c4 Nc6 3. g3 g6 4. Bg2 Bg7 5. 0-0 Nf6 6. Nc3 0-0 7. Re1 d6 8. d4 cxd4 9. Nxd4 Bd7 10. Nxc6 Bxc6 11. e4 Rc8 12. Be3 a6 13. Rc1 Nd7 14. b4 b5 15. cxb5 axb5 16. Qb3 Ne5 17. Ne2 Nc4 18. Bd4 Ra8 19. Bxg7 Kxg7 20. Nc3 Ra3 21. Qc2 Qa8 22. Bf1 Ne5 23. Be2 Rc8 24. Qb2 Bxe4 25. f4 Bh1 1/2-1/2